00707nam a2200205 450000500170000001000260001702000260004303500280006903700150009703700140011208200130012610000250013924501380016426000370030227000630033930000270040249000330042970000220046270000170048420180503140944.0 a1718EN-30 ENG-122868 a9788178244938c495.00 aB-682885-903 EN-106400 bAakaradpl bDBAD/PUB. a080bBOS aBose, Subhas Chandra aThe call of the motherland: cby Subhas Chandra Bose; edited by Sisir Kumar Bose [and] Sugata Bosebwritings and speeches 1923-1929 / aNew DelhibPermanent Blackc2016 aHimalayana, Mall Road, Ranikhet Cantt. bRanikhet e263645 axvii, 370p.b21cm(pbk) aNetaji collected works Vol-5 aBose, Sisir Kumar aBose, Sugata